Public money sources for overseas trade and investment (Record no. 372482)

000 -LEADER
fixed length control field 00368cam a22001217a 4500
008 - FIXED-LENGTH DATA ELEMENTS--GENERAL INFORMATION
fixed length control field 180718b1963 xxu||||| |||| 00| 0 eng d
082 ## - DEWEY DECIMAL CLASSIFICATION NUMBER
Classification number T4481x73 L873
100 ## - MAIN ENTRY--PERSONAL NAME
Personal name Loomis, John E.
245 ## - TITLE STATEMENT
Title Public money sources for overseas trade and investment
Statement of responsibility, etc. by John E. Loomis
260 ## - PUBLICATION, DISTRIBUTION, ETC.
Place of publication, distribution, etc. Washington, D.C.
Name of publisher, distributor, etc. BNA
Date of publication, distribution, etc. 1963
300 ## - PHYSICAL DESCRIPTION
Extent 243p.
650 ## - SUBJECT ADDED ENTRY--TOPICAL TERM
Topical term or geographic name entry element Export Loans, Government
Holdings
Withdrawn status Lost status Damaged status Not for loan Permanent Location Current Location Date acquired Full call number Barcode Date last seen Price effective from Koha item type
        Indian Institute of Public Administration Indian Institute of Public Administration 1994-06-16 T4481x73 L873 36809 2018-07-21 2018-07-21 Book

Powered by Koha